[Event "2. Torneo Ciudad de Pontevedra 2014"]
[Site "Pontevedra ESP"]
[Date "2014.08.11"]
[Round "6.1"]
[White "Santos Latasa, Jaime"]
[Black "Barlov, Dragan"]
[Result "1-0"]
[WhiteElo "2487"]
[BlackElo "2439"]
[PlyCount "83"]
[EventDate "2014.08.07"]
[EventType "swiss"]
[EventRounds "9"]
[EventCountry "ESP"]
[Source "lmi"]
[SourceDate "2014.08.07"]

1. e4 c5 2. Nf3 Nc6 3. Nc3 Qb6 4. Nd5 Qa5 5. c3 e6 6. Ne3 Nf6 7. e5 Nd5 8. Nxd5
exd5 9. d4 d6 10. exd6 Bxd6 11. dxc5 Qxc5 12. Be3 Qa5 13. Bd3 h6 14. O-O Be6
15. Re1 Qc7 16. h3 a6 17. Nd4 O-O-O 18. Nxc6 Qxc6 19. Bd4 Bc5 20. Rc1 Qb6 21.
Qa4 Bxd4 22. cxd4+ Kb8 23. Rc5 Bd7 24. Qa3 Rhe8 25. Rec1 Rc8 26. b4 Rxc5 27.
bxc5 Qf6 28. Qb4 Ka8 29. Rb1 Qc6 30. Kh2 g6 31. Qa5 Qa4 32. Qc7 Qc6 33. Qf4 g5
34. Qxf7 Be6 35. Qg7 Bc8 36. Rb6 Qd7 37. Qxh6 g4 38. hxg4 Qxg4 39. Rxa6+ bxa6
40. Qc6+ Ka7 41. Qxe8 Qxd4 42. Qxc8 1-0

[Event "2. Torneo Ciudad de Pontevedra 2014"]
[Site "Pontevedra ESP"]
[Date "2014.08.11"]
[Round "6.2"]
[White "Portela Peleteiro, Alberto"]
[Black "Alvarez Fernandez, Enrique"]
[Result "1-0"]
[WhiteElo "2144"]
[BlackElo "2355"]
[PlyCount "74"]
[EventDate "2014.08.07"]
[EventType "swiss"]
[EventRounds "9"]
[EventCountry "ESP"]
[Source "lmi"]
[SourceDate "2014.08.07"]

1. e4 c5 2. Nf3 d6 3. d4 cxd4 4. Nxd4 Nf6 5. Nc3 a6 6. Qf3 g6 7. h3 Bg7 8. Be3
O-O 9. O-O-O Qc7 10. g4 Nc6 11. g5 Nh5 12. Nd5 Qd8 13. Be2 Be6 14. Qg2 Bxd5 15.
exd5 Nf4 16. Qe4 Nxd4 17. Bxd4 Bxd4 18. Rxd4 e5 19. dxe6 fxe6 20. h4 d5 21. Qe3
Qd6 22. h5 e5 23. Rd2 Rac8 24. Kb1 d4 25. Qb3+ Qd5 26. hxg6 hxg6 27. Qxd5+ Nxd5
28. Bg4 Rce8 29. c3 Kg7 30. cxd4 e4 31. f3 e3 32. Rdh2 Rh8 33. Rxh8 Rxh8 34.
Rxh8 Kxh8 35. Kc2 Nb4+ 36. Kd1 Kg7 37. Ke2 a5 1-0

[Event "2. Torneo Ciudad de Pontevedra 2014"]
[Site "Pontevedra ESP"]
[Date "2014.08.11"]
[Round "6.3"]
[White "Guerra Bastida, Diego"]
[Black "Cruz Alvarez de Ron, Dan"]
[Result "0-1"]
[WhiteElo "2362"]
[BlackElo "2220"]
[PlyCount "102"]
[EventDate "2014.08.07"]
[EventType "swiss"]
[EventRounds "9"]
[EventCountry "ESP"]
[Source "lmi"]
[SourceDate "2014.08.07"]

1. e4 g6 2. d4 Bg7 3. Nc3 c6 4. f4 d5 5. e5 Nh6 6. Be2 f6 7. Nf3 Bg4 8. O-O O-O
9. Be3 fxe5 10. Nxe5 Bxe2 11. Qxe2 Nd7 12. Nf3 Nf7 13. Bf2 Bh6 14. Bh4 Re8 15.
f5 gxf5 16. Qe6 Nf8 17. Qxf5 Ng6 18. Rae1 Qb6 19. Kh1 Qxb2 20. Nd1 Qb4 21. Re6
Rf8 22. Qg4 Rae8 23. Bg3 Bg7 24. h4 Nh6 25. Qh3 Nf4 26. Bxf4 Rxf4 27. Rxh6 Bxh6
28. Qe6+ Kg7 29. Qe5+ Kg8 30. Qh5 Ref8 31. Qxh6 Qb5 32. Qg5+ Kh8 33. Qe5+ Kg8
34. Kg1 R8f7 35. Qg5+ Kf8 36. Qe5 Kg8 37. Ne3 Re4 38. Qg3+ Kf8 39. Ng4 Qe2 40.
Nge5 Rg7 41. Ng5+ Ke8 42. Ne6 Qxf1+ 43. Kxf1 Rxg3 44. Kf2 Rc3 45. g4 Rxc2+ 46.
Kf3 Rc3+ 47. Kf2 Rce3 48. Ng5 h6 49. Nxe4 Rxe4 50. g5 Rxh4 51. g6 Kf8 0-1

[Event "2. Torneo Ciudad de Pontevedra 2014"]
[Site "Pontevedra ESP"]
[Date "2014.08.11"]
[Round "6.4"]
[White "Suarez Gomez, Julio"]
[Black "Garcia Brion, Eduardo"]
[Result "0-1"]
[WhiteElo "2294"]
[BlackElo "2173"]
[PlyCount "132"]
[EventDate "2014.08.07"]
[EventType "swiss"]
[EventRounds "9"]
[EventCountry "ESP"]
[Source "lmi"]
[SourceDate "2014.08.07"]

1. e4 c6 2. d4 g6 3. Nc3 d5 4. Nf3 Bg7 5. h3 dxe4 6. Nxe4 Nd7 7. Bc4 Ndf6 8.
Nxf6+ Nxf6 9. O-O O-O 10. Re1 Qc7 11. Qe2 e6 12. a4 b6 13. Bg5 Bb7 14. Rad1 c5
15. Bh4 cxd4 16. Nxd4 Rac8 17. Bb3 Ba8 18. Bg3 Qb7 19. f3 Nh5 20. Be5 Bxe5 21.
Qxe5 Qc7 22. Qxc7 Rxc7 23. Nb5 Re7 24. Rd6 Rc8 25. a5 Bc6 26. Nd4 Rec7 27. Rd1
Kg7 28. Rd3 Nf4 29. Rc3 Bd5 30. Rxc7 Rxc7 31. axb6 axb6 32. Nb5 Rc5 33. Nc3
Bxb3 34. cxb3 Nd5 35. Nxd5 exd5 36. b4 Rb5 37. Kh2 Kf8 38. Rd7 Ke8 39. Rc7 Rxb4
40. Rc2 Kd7 41. Kg3 Rc4 42. Rd2 Kd6 43. Kf2 b5 44. Ke3 Ke5 45. g3 h5 46. h4 Rb4
47. Rc2 Rb3+ 48. Ke2 Kd6 49. Rd2 f6 50. Kf2 Rb4 51. Ke3 Ke5 52. Re2 Rb3+ 53.
Kf2+ Kd4 54. Rd2+ Kc4 55. Ke2 d4 56. Rc2+ Kd5 57. Rd2 Re3+ 58. Kf2 Kc4 59. Rc2+
Kd3 60. Rc6 Re2+ 61. Kf1 Rxb2 62. Rxf6 b4 63. Rxg6 Ke3 64. f4 d3 65. Re6+ Kf3
66. Ke1 Re2+ 0-1

[Event "2. Torneo Ciudad de Pontevedra 2014"]
[Site "Pontevedra ESP"]
[Date "2014.08.11"]
[Round "6.5"]
[White "Torrado Quintela, Julio"]
[Black "Garcia Ortega, Jesus Angel"]
[Result "1/2-1/2"]
[WhiteElo "2247"]
[BlackElo "2142"]
[PlyCount "72"]
[EventDate "2014.08.07"]
[EventType "swiss"]
[EventRounds "9"]
[EventCountry "ESP"]
[Source "lmi"]
[SourceDate "2014.08.07"]

1. e4 d5 2. exd5 Qxd5 3. Nc3 Qd8 4. d4 c6 5. Bc4 Bf5 6. Nf3 e6 7. Bg5 Nf6 8.
Qe2 Nbd7 9. d5 cxd5 10. Nxd5 Be7 11. Nxe7 Qxe7 12. Bxf6 Nxf6 13. Bb5+ Kf8 14.
O-O a6 15. Ba4 Bg4 16. h3 Bxf3 17. Qxf3 g6 18. Rad1 Kg7 19. Rd4 Rhd8 20. Rfd1
Rxd4 21. Rxd4 Rd8 22. Qd3 Rxd4 23. Qxd4 e5 24. Qd3 Qb4 25. Bb3 Qe1+ 26. Qf1 Qd2
27. Qc4 Qe1+ 28. Qf1 Qd2 29. Qc4 Qe1+ 30. Qf1 Qd2 31. Qc4 Qe1+ 32. Kh2 Qxf2 33.
Qxf7+ Kh6 34. Qxb7 Ng4+ 35. hxg4 Qh4+ 36. Kg1 Qe1+ 1/2-1/2

[Event "2. Torneo Ciudad de Pontevedra 2014"]
[Site "Pontevedra ESP"]
[Date "2014.08.11"]
[Round "6.6"]
[White "Cardenas Serrano, Sergio"]
[Black "Rodriguez Lopez, Rafael"]
[Result "0-1"]
[WhiteElo "2064"]
[BlackElo "2238"]
[PlyCount "100"]
[EventDate "2014.08.07"]
[EventType "swiss"]
[EventRounds "9"]
[EventCountry "ESP"]
[Source "lmi"]
[SourceDate "2014.08.07"]

1. e4 c5 2. Nc3 d6 3. f4 g6 4. Nf3 Bg7 5. g3 Nc6 6. Bg2 e6 7. O-O Nge7 8. d3
O-O 9. Be3 b6 10. d4 Ba6 11. Re1 Rc8 12. dxc5 bxc5 13. Qd2 Na5 14. Qf2 Nc4 15.
Bf1 Qa5 16. Bxc4 Bxc4 17. Bd2 Qb6 18. b3 Ba6 19. Na4 Qc7 20. Bc3 f6 21. Rad1 d5
22. exd5 exd5 23. Qe3 Rf7 24. Qd2 d4 25. Bxd4 cxd4 26. Nxd4 Bb7 27. c4 f5 28.
Qf2 Ba8 29. Kf1 Bxd4 30. Rxd4 Nc6 31. Rd2 Re7 32. Nc3 Rce8 33. Rxe7 Nxe7 34.
Re2 Qc6 35. Ke1 a6 36. Qd4 Kf7 37. c5 Nd5 38. Rxe8 Qxe8+ 39. Kd2 Nf6 40. Qd6
Qd7 41. Qxd7+ Nxd7 42. b4 Ke6 43. Ke3 Nf6 44. Kd4 Bc6 45. a4 Ne4 46. b5 Nxc3
47. Kxc3 axb5 48. a5 Kd7 49. a6 Kc7 50. Kb4 Kb8 0-1

[Event "2. Torneo Ciudad de Pontevedra 2014"]
[Site "Pontevedra ESP"]
[Date "2014.08.12"]
[Round "7.1"]
[White "Portela Peleteiro, Alberto"]
[Black "Santos Latasa, Jaime"]
[Result "0-1"]
[WhiteElo "2144"]
[BlackElo "2487"]
[PlyCount "76"]
[EventDate "2014.08.07"]
[EventType "swiss"]
[EventRounds "9"]
[EventCountry "ESP"]
[Source "lmi"]
[SourceDate "2014.08.07"]

1. e4 c5 2. Ne2 Nf6 3. Nbc3 d6 4. d4 cxd4 5. Nxd4 a6 6. g3 e5 7. Nb3 Be7 8. Bg2
O-O 9. a4 Nc6 10. O-O Nb4 11. Re1 Bg4 12. f3 Be6 13. Be3 d5 14. exd5 Nfxd5 15.
Nxd5 Qxd5 16. Qe2 Nxc2 17. Qxc2 Rac8 18. Qd1 Qxb3 19. Qxb3 Bxb3 20. f4 Bb4 21.
Rec1 e4 22. f5 Bc2 23. Kf2 Rfd8 24. Ke2 Rc6 25. g4 Bd6 26. Ra2 Rdc8 27. Kf2
Bxh2 28. b4 Bd3 29. Rxc6 Rxc6 30. b5 Rc3 31. g5 Kf8 32. bxa6 bxa6 33. Rb2 Ke8
34. Bd4 Rc1 35. Bxg7 Bf4 36. Bd4 Bxg5 37. Bxe4 Bxe4 38. Re2 Rc2 0-1

[Event "2. Torneo Ciudad de Pontevedra 2014"]
[Site "Pontevedra ESP"]
[Date "2014.08.12"]
[Round "7.2"]
[White "Cruz Alvarez de Ron, Dan"]
[Black "Rodriguez Lopez, Rafael"]
[Result "0-1"]
[WhiteElo "2220"]
[BlackElo "2238"]
[PlyCount "105"]
[EventDate "2014.08.07"]
[EventType "swiss"]
[EventRounds "9"]
[EventCountry "ESP"]
[Source "lmi"]
[SourceDate "2014.08.07"]

1. d4 Nf6 2. Nf3 g6 3. Bg5 Bg7 4. Nbd2 O-O 5. e4 d6 6. Bc4 Nxe4 7. Nxe4 d5 8.
Bd3 dxe4 9. Bxe4 c5 10. c3 cxd4 11. Nxd4 a6 12. O-O Qc7 13. Qe2 Re8 14. f4 e6
15. Kh1 Bd7 16. Qf3 Nc6 17. Nxc6 Bxc6 18. Bxc6 bxc6 19. Rad1 Reb8 20. Rf2 Rb5
21. Rfd2 Rd5 22. c4 Rxd2 23. Rxd2 Rb8 24. b3 c5 25. g4 Bd4 26. Kg2 a5 27. a4
Kg7 28. Rd3 Re8 29. Qe4 h6 30. Bh4 f5 31. gxf5 gxf5 32. Rg3+ Kh7 33. Qf3 Rg8
34. Rxg8 Kxg8 35. Qa8+ Kh7 36. Bg3 Qb6 37. Qe8 Qb7+ 38. Kh3 Qe4 39. Qe7+ Bg7
40. Qxc5 Qf3 41. Qe7 e5 42. Qc7 h5 43. fxe5 f4 44. e6 fxg3 45. Qxg3 Qf5+ 46.
Kg2 Qxe6 47. Qf3 Qg6+ 48. Kh3 Bd4 49. Qf4 Bf6 50. c5 Qd3+ 51. Kg2 Qd5+ 52. Kf1
Kg6 53. Qc7 0-1

[Event "2. Torneo Ciudad de Pontevedra 2014"]
[Site "Pontevedra ESP"]
[Date "2014.08.12"]
[Round "7.3"]
[White "Garcia Brion, Eduardo"]
[Black "Gonzalez Perez, Arian"]
[Result "0-1"]
[WhiteElo "2173"]
[BlackElo "2480"]
[PlyCount "108"]
[EventDate "2014.08.07"]
[EventType "swiss"]
[EventRounds "9"]
[EventCountry "ESP"]
[Source "lmi"]
[SourceDate "2014.08.07"]

1. e4 c5 2. Nf3 d6 3. d4 cxd4 4. Nxd4 Nf6 5. Nc3 g6 6. Be3 Bg7 7. f3 O-O 8. Qd2
Nc6 9. O-O-O d5 10. exd5 Nxd5 11. Nxc6 bxc6 12. Bd4 e5 13. Bc5 Be6 14. Ne4 Re8
15. g4 h6 16. h4 Qc7 17. g5 h5 18. Bc4 Red8 19. Qe1 Qb7 20. b3 Qc7 21. Rh2 Nf4
22. Bd6 Qb6 23. Bxe6 Nxe6 24. Nf6+ Bxf6 25. gxf6 e4 26. fxe4 c5 27. Be5 c4 28.
Rxd8+ Rxd8 29. Rd2 Rc8 30. Rd6 Qb7 31. Qe3 Kh7 32. Rd5 Qc6 33. b4 Qa4 34. a3 a6
35. Ra5 Qc6 36. Qa7 Rf8 37. Rxa6 Qxe4 38. Rxe6 c3 39. Qg1 Qa8 40. Bxc3 fxe6 41.
Kb2 Rf7 42. Qb6 Qe4 43. Qb8 Qf5 44. Be5 Rxf6 45. a4 Rf8 46. Qd6 g5 47. hxg5 Kg6
48. Bf6 Rc8 49. Qd2 h4 50. c3 h3 51. a5 Qe4 52. Qd7 Rg8 53. Qc7 Qg2+ 54. Kb3 h2
0-1

[Event "2. Torneo Ciudad de Pontevedra 2014"]
[Site "Pontevedra ESP"]
[Date "2014.08.12"]
[Round "7.4"]
[White "Alvarez Fernandez, Enrique"]
[Black "Martinez Duany, Lelys Stanley"]
[Result "0-1"]
[WhiteElo "2355"]
[BlackElo "2465"]
[PlyCount "78"]
[EventDate "2014.08.07"]
[EventType "swiss"]
[EventRounds "9"]
[EventCountry "ESP"]
[Source "lmi"]
[SourceDate "2014.08.07"]

1. d4 g6 2. e4 Bg7 3. Nc3 d6 4. Be2 a6 5. a4 Nc6 6. Nf3 Nf6 7. O-O O-O 8. h3
Re8 9. Be3 e5 10. d5 Nd4 11. Bd3 Nh5 12. Bxd4 exd4 13. Ne2 c5 14. dxc6 bxc6 15.
Nexd4 c5 16. Ne2 Rb8 17. Rb1 Bb7 18. Nd2 d5 19. Ng3 Nxg3 20. fxg3 dxe4 21. Bc4
Bd5 22. Qe2 Rxb2 23. Rxb2 Bxb2 24. Bxa6 Qg5 25. g4 Bc3 26. Rd1 Qf4 27. Nf1 Bd4+
28. Kh1 Ba8 29. Bb5 Rf8 30. a5 Kg7 31. a6 h5 32. gxh5 Rh8 33. Bd7 Rxh5 34. Bc8
Qc7 35. Bg4 Rh8 36. Qe1 Qf4 37. Qg3 Qxg3 38. Nxg3 f5 39. Be2 f4 0-1

[Event "2. Torneo Ciudad de Pontevedra 2014"]
[Site "Pontevedra ESP"]
[Date "2014.08.12"]
[Round "7.5"]
[White "Barlov, Dragan"]
[Black "Torrado Quintela, Julio"]
[Result "1-0"]
[WhiteElo "2439"]
[BlackElo "2247"]
[PlyCount "207"]
[EventDate "2014.08.07"]
[EventType "swiss"]
[EventRounds "9"]
[EventCountry "ESP"]
[Source "lmi"]
[SourceDate "2014.08.07"]

1. d4 d5 2. c4 e6 3. Nc3 Nf6 4. Bg5 Nbd7 5. e3 c6 6. a3 Be7 7. Nf3 O-O 8. Bd3
b6 9. O-O Ba6 10. Bxf6 Bxf6 11. cxd5 Bxd3 12. Qxd3 exd5 13. Rfc1 Re8 14. Rc2
Nf8 15. Rac1 Ne6 16. Na4 Qd7 17. Qa6 Rac8 18. b4 Rc7 19. Nc3 Rec8 20. Qd3 Qd8
21. g3 g6 22. Kg2 Kg7 23. Na4 Qd7 24. Qb3 Kg8 25. Nc3 Bg7 26. h4 h5 27. Qa2 Kh7
28. Ne2 Qd6 29. Rd1 Rd8 30. Rcd2 Ra8 31. Nc3 a6 32. Qb3 Qd7 33. Na4 Rb8 34. Rc2
f6 35. Rdc1 Nd8 36. Nb2 Ra8 37. Nd3 Bf8 38. a4 Ne6 39. Rc3 Rac8 40. Qb1 Qd6 41.
Qa2 Bh6 42. a5 b5 43. Qc2 Bf8 44. Nd2 Qd7 45. Nb3 Bd6 46. Qe2 Qe7 47. Qf3 Kg7
48. Nbc5 Bxc5 49. Nxc5 Nxc5 50. Rxc5 Qe6 51. Qf4 Re7 52. Kg1 Qd7 53. Qf3 Re4
54. R1c3 Rc7 55. Qd1 Re8 56. Qc2 Re6 57. Kg2 Rd6 58. Qd3 Qe6 59. Qc2 Qd7 60.
Qe2 Qe6 61. Rc1 Qd7 62. R5c3 Qe6 63. Qd3 Qd7 64. R3c2 Re6 65. Qc3 Qe7 66. Qc5
Qxc5 67. Rxc5 Rd6 68. Kf3 Kf7 69. g4 hxg4+ 70. Kxg4 Rc8 71. Kf4 Ke6 72. R5c2
Kd7 73. Rg1 f5 74. f3 Rh8 75. Rh2 Re6 76. h5 gxh5 77. Rg5 h4 78. Rh3 Reh6 79.
Rxf5 Rg8 80. Rg5 Rf8+ 81. Kg4 Re8 82. f4 Kd6 83. Kf3 Rh7 84. Rg6+ Kd7 85. Rg4
Reh8 86. f5 Rh5 87. Kf4 Re8 88. Rg7+ Kd6 89. Kg4 Rhh8 90. Kg5 Re4 91. Rg6+ Kd7
92. Rg7+ Kd6 93. f6 Ree8 94. f7 Ref8 95. Rxh4 Rxh4 96. Kxh4 Ke6 97. Rg6+ Kxf7
98. Rxc6 Re8 99. Rxa6 Rxe3 100. Rb6 Re4+ 101. Kg5 Rxd4 102. Rxb5 Rc4 103. a6
Rc6 104. a7 1-0

[Event "2. Torneo Ciudad de Pontevedra 2014"]
[Site "Pontevedra ESP"]
[Date "2014.08.12"]
[Round "7.6"]
[White "Lariño Nieto, David"]
[Black "Garrido Piriz, Pablo"]
[Result "1-0"]
[WhiteElo "2432"]
[BlackElo "2040"]
[PlyCount "41"]
[EventDate "2014.08.07"]
[EventType "swiss"]
[EventRounds "9"]
[EventCountry "ESP"]
[Source "lmi"]
[SourceDate "2014.08.07"]

1. Nf3 Nf6 2. b3 g6 3. Bb2 Bg7 4. g3 d6 5. d4 O-O 6. Bg2 Nbd7 7. O-O e5 8. dxe5
Ng4 9. c4 Ngxe5 10. Nxe5 Nxe5 11. Qd2 Be6 12. Nc3 Qd7 13. Bxb7 Rab8 14. Bg2 Bh3
15. Rac1 Qf5 16. Nd5 Rbe8 17. Nxc7 Qh5 18. Nxe8 Rxe8 19. Bxe5 Bxe5 20. c5 dxc5
21. Rxc5 1-0

[Event "2. Torneo Ciudad de Pontevedra 2014"]
[Site "Pontevedra ESP"]
[Date "2014.08.13"]
[Round "8.1"]
[White "Santos Latasa, Jaime"]
[Black "Martinez Duany, Lelys Stanley"]
[Result "1/2-1/2"]
[WhiteElo "2487"]
[BlackElo "2465"]
[PlyCount "38"]
[EventDate "2014.08.07"]
[EventType "swiss"]
[EventRounds "9"]
[EventCountry "ESP"]
[Source "lmi"]
[SourceDate "2014.08.07"]

1. d4 d5 2. c4 c6 3. Nf3 Nf6 4. cxd5 cxd5 5. Nc3 Nc6 6. Bf4 Bf5 7. e3 e6 8. Bd3
Bxd3 9. Qxd3 Bd6 10. Bxd6 Qxd6 11. O-O O-O 12. Rfc1 Rfc8 13. a3 Na5 14. Nd2 a6
15. h3 Nc4 16. Nxc4 Rxc4 17. Ne2 Rac8 18. Rxc4 Rxc4 19. Rc1 Rxc1+ 1/2-1/2

[Event "2. Torneo Ciudad de Pontevedra 2014"]
[Site "Pontevedra ESP"]
[Date "2014.08.13"]
[Round "8.2"]
[White "Rodriguez Lopez, Rafael"]
[Black "Barlov, Dragan"]
[Result "1-0"]
[WhiteElo "2238"]
[BlackElo "2439"]
[PlyCount "113"]
[EventDate "2014.08.07"]
[EventType "swiss"]
[EventRounds "9"]
[EventCountry "ESP"]
[Source "lmi"]
[SourceDate "2014.08.07"]

1. e4 c5 2. Nf3 Nc6 3. d4 cxd4 4. Nxd4 Qc7 5. Nc3 e6 6. Be3 a6 7. Qd2 Nf6 8.
O-O-O Bb4 9. f3 d5 10. a3 Bd6 11. Nb3 O-O 12. exd5 Nxd5 13. Nxd5 exd5 14. Qxd5
Be5 15. Bd3 Be6 16. Qe4 g6 17. Rhe1 Rfe8 18. Qh4 Bxb3 19. cxb3 Bxh2 20. Bh6 Bg3
21. Rxe8+ Rxe8 22. Qc4 b5 23. Qc2 Bf4+ 24. Bxf4 Qxf4+ 25. Kb1 Nd4 26. Qc3 Nf5
27. Be4 Nd6 28. Qc7 Re6 29. Ka2 Qf6 30. Bd5 Re2 31. Rb1 Rxg2 32. Qc6 Rd2 33.
Qxa6 Kg7 34. Bc6 Qe5 35. Qa5 Rc2 36. f4 Qxf4 37. Bxb5 Rc5 38. Qa4 Qd2 39. Bc6
Nf5 40. b4 Re5 41. Qd1 Qf4 42. Qc1 Ne3 43. Qc3 Qf6 44. Re1 Qe6+ 45. Kb1 Kg8 46.
b5 Nc4 47. Rxe5 Nxe5 48. a4 h5 49. a5 Nc4 50. a6 Qe2 51. Ka2 Nb6 52. a7 h4 53.
Qb3 Qe7 54. a8=Q+ Nxa8 55. Bxa8 Qa7+ 56. Qa3 Qb6 57. Qa6 1-0

[Event "2. Torneo Ciudad de Pontevedra 2014"]
[Site "Pontevedra ESP"]
[Date "2014.08.13"]
[Round "8.3"]
[White "Gonzalez Perez, Arian"]
[Black "Portela Peleteiro, Alberto"]
[Result "1-0"]
[WhiteElo "2480"]
[BlackElo "2144"]
[PlyCount "59"]
[EventDate "2014.08.07"]
[EventType "swiss"]
[EventRounds "9"]
[EventCountry "ESP"]
[Source "lmi"]
[SourceDate "2014.08.07"]

1. e4 c5 2. Nf3 Nc6 3. Nc3 e6 4. d4 cxd4 5. Nxd4 Qc7 6. g3 a6 7. Bg2 d6 8. O-O
Nf6 9. Re1 Be7 10. Nxc6 bxc6 11. e5 dxe5 12. Rxe5 O-O 13. Re1 Nd5 14. Ne4 Bb7
15. Qe2 Rfe8 16. c4 Nf6 17. Bd2 c5 18. Bc3 Nxe4 19. Bxe4 Bxe4 20. Qxe4 Bf6 21.
Bxf6 gxf6 22. Qh4 Qe7 23. Qh6 Rad8 24. Re3 Rd4 25. Rf3 f5 26. Re1 Qf8 27. Qg5+
Qg7 28. Qxf5 Rd1 29. Rfe3 Rb8 30. Rxe6 1-0

[Event "2. Torneo Ciudad de Pontevedra 2014"]
[Site "Pontevedra ESP"]
[Date "2014.08.13"]
[Round "8.4"]
[White "Gomez Ledo, Roberto Carlos"]
[Black "Lariño Nieto, David"]
[Result "1-0"]
[WhiteElo "2411"]
[BlackElo "2432"]
[PlyCount "77"]
[EventDate "2014.08.07"]
[EventType "swiss"]
[EventRounds "9"]
[EventCountry "ESP"]
[Source "lmi"]
[SourceDate "2014.08.07"]

1. d4 c5 2. d5 f5 3. c4 g6 4. e4 fxe4 5. Nc3 Nf6 6. Nge2 Bg7 7. Ng3 O-O 8.
Ncxe4 Nxe4 9. Nxe4 Qc7 10. Be2 Qe5 11. Nxc5 d6 12. f4 Qf5 13. Nb3 Bd7 14. O-O
Ba4 15. Bd3 Qf6 16. Qe2 Bxb3 17. axb3 Na6 18. Rb1 e5 19. dxe6 Rae8 20. f5 Nc5
21. Be3 gxf5 22. Bxc5 Rxe6 23. Qf3 dxc5 24. Kh1 f4 25. Qh3 Qh6 26. Qxh6 Rxh6
27. Rbe1 Rb6 28. Bc2 Bxb2 29. Re7 h6 30. Rb1 Bf6 31. Rc7 Re8 32. Rf1 Re2 33.
Bd1 Rb2 34. Re1 Bg7 35. Bf3 h5 36. h4 Rf6 37. Bd5+ Kh8 38. Ree7 Rg6 39. Be4 1-0

[Event "2. Torneo Ciudad de Pontevedra 2014"]
[Site "Pontevedra ESP"]
[Date "2014.08.13"]
[Round "8.5"]
[White "Suarez Gomez, Julio"]
[Black "Paunovic, Dragan"]
[Result "1/2-1/2"]
[WhiteElo "2294"]
[BlackElo "2480"]
[PlyCount "89"]
[EventDate "2014.08.07"]
[EventType "swiss"]
[EventRounds "9"]
[EventCountry "ESP"]
[Source "lmi"]
[SourceDate "2014.08.07"]

1. e4 d6 2. d4 Nf6 3. Nc3 e5 4. Nge2 exd4 5. Nxd4 g6 6. g3 Bg7 7. Bg2 O-O 8.
O-O Nc6 9. Nde2 Re8 10. h3 Ne5 11. g4 c6 12. Ng3 b5 13. g5 Nfd7 14. Qxd6 Qb6
15. Be3 Qb7 16. b3 Ng4 17. hxg4 Bxc3 18. f4 Ne5 19. Bd4 Bxd4+ 20. Qxd4 Nxg4 21.
e5 Bf5 22. Qc5 Red8 23. Rfd1 Qb6 24. Qxb6 axb6 25. Bxc6 Rxd1+ 26. Rxd1 Bxc2 27.
Bxa8 Bxd1 28. Be4 h5 29. gxh6 Nxh6 30. Kf2 Bg4 31. b4 Bd7 32. Ne2 g5 33. Kg3
gxf4+ 34. Kxf4 Kf8 35. Nd4 Ke7 36. Bd3 f6 37. exf6+ Kxf6 38. Bxb5 Nf5 39. Nxf5
Bxf5 40. a4 Bc8 41. a5 bxa5 42. bxa5 Ke6 43. Ke4 Kd6 44. Kd4 Ba6 45. Ke4
1/2-1/2

[Event "2. Torneo Ciudad de Pontevedra 2014"]
[Site "Pontevedra ESP"]
[Date "2014.08.14"]
[Round "9.1"]
[White "Santos Latasa, Jaime"]
[Black "Gonzalez Perez, Arian"]
[Result "1/2-1/2"]
[WhiteElo "2487"]
[BlackElo "2480"]
[PlyCount "23"]
[EventDate "2014.08.07"]
[EventType "swiss"]
[EventRounds "9"]
[EventCountry "ESP"]
[Source "lmi"]
[SourceDate "2014.08.07"]

1. Nf3 Nf6 2. c4 g6 3. Nc3 Bg7 4. d4 O-O 5. e4 d6 6. Be2 e5 7. O-O Nc6 8. d5
Ne7 9. Ne1 Nd7 10. Be3 f5 11. f3 f4 12. Bf2 1/2-1/2

[Event "2. Torneo Ciudad de Pontevedra 2014"]
[Site "Pontevedra ESP"]
[Date "2014.08.14"]
[Round "9.2"]
[White "Rodriguez Lopez, Rafael"]
[Black "Gomez Ledo, Roberto Carlos"]
[Result "1/2-1/2"]
[WhiteElo "2238"]
[BlackElo "2411"]
[PlyCount "20"]
[EventDate "2014.08.07"]
[EventType "swiss"]
[EventRounds "9"]
[EventCountry "ESP"]
[Source "lmi"]
[SourceDate "2014.08.07"]

1. e4 e6 2. d4 d5 3. exd5 exd5 4. Bd3 Bd6 5. Ne2 Nf6 6. Bf4 Bxf4 7. Nxf4 O-O 8.
O-O c6 9. c3 Re8 10. Nd2 Nbd7 1/2-1/2

[Event "2. Torneo Ciudad de Pontevedra 2014"]
[Site "Pontevedra ESP"]
[Date "2014.08.14"]
[Round "9.3"]
[White "Martinez Duany, Lelys Stanley"]
[Black "Torrado Quintela, Julio"]
[Result "1-0"]
[WhiteElo "2465"]
[BlackElo "2247"]
[PlyCount "99"]
[EventDate "2014.08.07"]
[EventType "swiss"]
[EventRounds "9"]
[EventCountry "ESP"]
[Source "lmi"]
[SourceDate "2014.08.07"]

1. d4 d5 2. Nf3 Nf6 3. c4 e6 4. Bg5 Nbd7 5. e3 c6 6. cxd5 exd5 7. Bd3 Be7 8.
Nbd2 Ne4 9. Bxe7 Qxe7 10. Qc2 Nxd2 11. Nxd2 Nf6 12. O-O O-O 13. a3 a5 14. Nb3
Re8 15. Rae1 Qd6 16. f3 h6 17. Qc3 a4 18. Nd2 Rd8 19. Bc2 b6 20. Rc1 c5 21.
Rfd1 Be6 22. Qd3 Rdc8 23. Nb1 cxd4 24. Qxd4 Qe7 25. Bxa4 Rc5 26. Bb3 Rac8 27.
Nc3 Nd7 28. Bxd5 Nf8 29. e4 Qg5 30. Qd2 Qh5 31. Ne2 Ng6 32. Rxc5 Rxc5 33. Rc1
Rxc1+ 34. Nxc1 Nh4 35. Bxe6 fxe6 36. Ne2 Kh7 37. Qd3 Qc5+ 38. Kf1 Ng6 39. g3
Ne5 40. Qd4 Qb5 41. a4 Qa5 42. b4 Qxa4 43. Qxe5 Qxb4 44. Qxe6 b5 45. Qf5+ Kg8
46. Qc8+ Kh7 47. Qc2 Qa5 48. e5+ Kh8 49. e6 Qa3 50. Qe4 1-0

[Event "2. Torneo Ciudad de Pontevedra 2014"]
[Site "Pontevedra ESP"]
[Date "2014.08.14"]
[Round "9.4"]
[White "Paunovic, Dragan"]
[Black "Cruz Alvarez de Ron, Dan"]
[Result "1-0"]
[WhiteElo "2480"]
[BlackElo "2220"]
[PlyCount "65"]
[EventDate "2014.08.07"]
[EventType "swiss"]
[EventRounds "9"]
[EventCountry "ESP"]
[Source "lmi"]
[SourceDate "2014.08.07"]

1. c4 c6 2. d4 d5 3. Nf3 g6 4. Nc3 Bg7 5. cxd5 cxd5 6. Bf4 Nc6 7. e3 Nf6 8. Bb5
Bd7 9. O-O O-O 10. h3 Na5 11. Bd3 Bf5 12. Ne5 Bxd3 13. Qxd3 Rc8 14. Rac1 Nc4
15. b3 Nd6 16. Na4 Qa5 17. Rc5 Rxc5 18. dxc5 Nde4 19. c6 b5 20. c7 Qxc7 21.
Qxb5 Qc2 22. Nc6 Qxa2 23. Nxe7+ Kh8 24. Nxd5 Nxd5 25. Qxd5 Nd2 26. Rd1 Qxb3 27.
Rxd2 Qxa4 28. Ra2 Qb4 29. Rxa7 Qe1+ 30. Kh2 Qxf2 31. Rxf7 Rg8 32. Rxg7 Kxg7 33.
Be5+ 1-0

[Event "2. Torneo Ciudad de Pontevedra 2014"]
[Site "Pontevedra ESP"]
[Date "2014.08.14"]
[Round "9.5"]
[White "Barlov, Dragan"]
[Black "Garcia Brion, Eduardo"]
[Result "1-0"]
[WhiteElo "2439"]
[BlackElo "2173"]
[PlyCount "45"]
[EventDate "2014.08.07"]
[EventType "swiss"]
[EventRounds "9"]
[EventCountry "ESP"]
[Source "lmi"]
[SourceDate "2014.08.07"]

1. Nf3 d5 2. c4 c6 3. e3 g6 4. h3 Bg7 5. d4 Nh6 6. Nc3 O-O 7. Be2 e6 8. O-O Nf5
9. Qc2 Nd7 10. Rd1 Re8 11. b3 Qe7 12. a4 dxc4 13. bxc4 c5 14. a5 Rb8 15. Bb2 b6
16. a6 Nd6 17. e4 e5 18. Nd5 Qf8 19. dxe5 Nxe5 20. Nxe5 Bxe5 21. Bxe5 Rxe5 22.
Nf6+ Kg7 23. Qb2 1-0

[Event "2. Torneo Ciudad de Pontevedra 2014"]
[Site "Pontevedra ESP"]
[Date "2014.08.14"]
[Round "9.6"]
[White "Lariño Nieto, David"]
[Black "Portela Peleteiro, Alberto"]
[Result "1-0"]
[WhiteElo "2432"]
[BlackElo "2144"]
[PlyCount "47"]
[EventDate "2014.08.07"]
[EventType "swiss"]
[EventRounds "9"]
[EventCountry "ESP"]
[Source "lmi"]
[SourceDate "2014.08.07"]

1. Nf3 d5 2. c4 e6 3. e3 c5 4. cxd5 exd5 5. d4 Nf6 6. Nc3 Nc6 7. a3 a6 8. h3
cxd4 9. Nxd4 Bc5 10. Nxc6 bxc6 11. b4 Ba7 12. Bb2 O-O 13. Ne2 Ne4 14. Nd4 c5
15. Nc6 Qh4 16. g3 Qg5 17. h4 Qg4 18. Bg2 cxb4 19. Qxd5 bxa3 20. Bxa3 Nxg3 21.
Bf3 Be6 22. Bxg4 Bxd5 23. Ne7+ Kh8 24. Rg1 1-0